[Event "Wuerttemberg-ch Seniors 14th"]
[Site "Ellwangen"]
[Date "2002.??.??"]
[Round "6"]
[White "Ellinger, Hans"]
[Black "Nagorni, Walter"]
[Result "1/2-1/2"]
[WhiteElo "2020"]
[BlackElo "1930"]
[PlyCount "41"]
[EventDate "2002.03.30"]
[EventType "swiss"]
[EventRounds "9"]
[EventCountry "GER"]
[SourceTitle "EXT 2006"]
[Source "ChessBase"]
[SourceDate "2005.11.24"]
[SourceVersion "1"]
[SourceVersionDate "2005.11.24"]
[SourceQuality "1"]

1. d4 Nf6 2. Nf3 c5 3. c3 g6 4. Bg5 Bg7 5. Nbd2 cxd4 6. cxd4 d5 7. e3 0-0 8. Bd3 b6 9. Rc1 Ba6 10. Bxa6 Nxa6 11. 0-0 Nc7 12. Qb3 Ne6 13. Bh4 Qd7 14. Ne5 Qb7 15. Rc3 Rfc8 16. Rfc1 Rxc3 17. Qxc3 h5 18. f4 Ne4 19. Nxe4 Bxe5 20. Ng5 Bf6 21. Nf3 1/2-1/2

[Event "Wuerttemberg-ch Seniors 14th"]
[Site "Ellwangen"]
[Date "2002.??.??"]
[Round "9"]
[White "Jakoby, Hans"]
[Black "Ellinger, Hans"]
[Result "1/2-1/2"]
[WhiteElo "1920"]
[BlackElo "2020"]
[PlyCount "22"]
[EventDate "2002.03.30"]
[EventType "swiss"]
[EventRounds "9"]
[EventCountry "GER"]
[SourceTitle "EXT 2006"]
[Source "ChessBase"]
[SourceDate "2005.11.24"]
[SourceVersion "1"]
[SourceVersionDate "2005.11.24"]
[SourceQuality "1"]

1. d4 d5 2. c4 Nc6 3. cxd5 Qxd5 4. Nf3 e5 5. Nc3 Bb4 6. Bd2 Bxc3 7. Bxc3 e4 8. Nd2 Nf6 9. e3 0-0 10. Qc2 Re8 11. g3 b5 1/2-1/2

[Event "Wuerttemberg-ch Seniors 14th"]
[Site "Ellwangen"]
[Date "2002.??.??"]
[Round "1"]
[White "Schewe, Hans"]
[Black "Ellinger, Hans"]
[Result "0-1"]
[WhiteElo "1670"]
[BlackElo "2020"]
[PlyCount "60"]
[EventDate "2002.03.30"]
[EventType "swiss"]
[EventRounds "9"]
[EventCountry "GER"]
[SourceTitle "EXT 2006"]
[Source "ChessBase"]
[SourceDate "2005.11.24"]
[SourceVersion "1"]
[SourceVersionDate "2005.11.24"]
[SourceQuality "1"]

1. d4 c5 2. e3 Nf6 3. Nf3 e6 4. Bd3 d5 5. c3 Nc6 6. 0-0 Be7 7. Nbd2 0-0 8. dxc5 Bxc5 9. b4 Bd6 10. Bb2 e5 11. e4 Bg4 12. a3 a6 13. Re1 Re8 14. exd5 Nxd5 15. h3 Bh5 16. g4 Bg6 17. Bxg6 hxg6 18. Ne4 Bc7 19. Bc1 Nf6 20. Bg5 Qxd1 21. Raxd1 Nxe4 22. Rxe4 f6 23. Bc1 Rad8 24. Ree1 Bb6 25. Be3 Bxe3 26. fxe3 Kf7 27. Kf2 e4 28. Nd4 Ne5 29. a4 Rc8 30. Rc1 Nd3+ 0-1